V, VI y VII plenos jurisdiccionales supremos en materia laboral y previsional : (Registro nro. 16512)

Detalles MARC
000 -Cabecera
Campo de control interno 00545nam a2200181Ia 4500
005 - Fecha y hora del registro
control field 20260306170315.0
008 - Elementos de Longitud Fija
fixed length control field 260306t2019||||xx |||||||||||||| ||und||
041 ## - Idioma
Codigo Idioma ESP
082 ## - DEWEY y NOTACIÓN INTERNA
Dewey 348.6
Notación Interna P72S
110 ## - AUTOR INSTTITUCIONAL
Autor Institucional Poder Judicial del Perú
245 #0 - TÍTULO DE MATERIAL BIBLIOGRÁFICO
Título V, VI y VII plenos jurisdiccionales supremos en materia laboral y previsional :
Título paralelo salas de derecho constitucional y social permanente y transitorias
260 ## - CIUDAD, EDITORIAL, AÑO
Año 2019
300 ## - DESCRIPCIÓN
N° Páginas 174 páginas :
Dimensiones 24 cm.
650 ## - TEMAS
Temas Generalidades
654 ## - PROGRAMAS
Programa Dpto. de Derecho y Ciencia Política
942 ## - ELEMENTOS DE KOHA
Tipo de documento Libro
Nombre del creador Justo Noguera
Código de catalogador Justo Noguera
Esquema de clasificación Dewey Decimal Classification
Suppress in OPAC
Existencias
Codigo completo Registro Colección Copia número Disponibilidad Tipo de préstamo Biblioteca Actual Procedencia (Biblioteca) Ubicacón Fecha Ingreso Tipo de Adquisición Date last seen Total checkouts Price effective from Tipo de Item Estado del Material Fuente de Clasificación Damaged status Withdrawn status
348.6 P72S 1080538 Universidad Católica San Pablo 2 Disponible Disponible Víctor Andrés Belaunde Víctor Andrés Belaunde Primer piso 03/06/2026 Donación 06/03/2026   06/03/2026 Libro Bueno Dewey Decimal Classification